| 000 | 00460nam a22001577a 4500 | ||
|---|---|---|---|
| 003 | OSt | ||
| 008 | 260616b |||||||| |||| 00| 0 eng d | ||
| 020 | _a9789385516443 | ||
| 082 |
_a519.54 _bK97I |
||
| 100 | _aKushwaha, K.S. | ||
| 245 |
_aInferential Statistics/ _bby K.S. Kushwaha |
||
| 260 |
_aNew Delhi : _bNew India Publishing Agency, _c2016. |
||
| 300 | _aix, 419 p. | ||
| 650 | _aMathematics | Pure Sciences | Statistical inference | ||
| 942 |
_2ddc _cBK |
||
| 999 |
_c52111 _d52111 |
||